000 00537nam a2200217 a 4500
001 14013
003 BD-JhCC
005 20240523131227.0
008 240523b1978 b |||| ||a| 000 0 eng d
035 _a(BD-JhCC)14013
040 _aBD-JhCC
_dBD-JhCC
041 _aeng
082 _a297.012
_bQUT 1978
100 _a Qutb,Mohammad
245 _aIslam the Misunderstood Religion /
_cMohammad Qutb.
260 _aDhaka:
_bAdhunik prokashani;
_c1978.
300 _a244
_c22 cm.
651 _aIslam.
942 _2ddc
_cBK
999 _c14013
_d14013